| 000 | 01089nmc a2200409 a 4500 | ||
|---|---|---|---|
| 003 | AR-BaBNM | ||
| 005 | 20251128204731.0 | ||
| 008 | 055119s1982 ||||||||||||||000 | spa|| | ||
| 020 | _a968-16-1041-5 | ||
| 040 | _cAR-BaBNM | ||
| 100 | 1 | _aArvon, Henri | |
| 245 | 1 | 0 | _aLa autogestión |
| 250 | _a1ª ed. | ||
| 260 |
_aMéxico, D.F. _bFondo de Cultura Económica _c1982 |
||
| 300 | 0 | _a168 p. | |
| 490 | 0 |
_aBreviarios _vv. 325 |
|
| 500 | 0 | _aTraducción de David F. Alvarez Aub | |
| 504 | _aContiene bibliografía de consulta en pág. 163 | ||
| 600 | 1 | 4 |
_aMarx, Karl _d1818-1883 |
| 600 | 1 | 4 |
_aProudhon, Pierre-Joseph _d1809-1865 |
| 600 | 1 | 4 |
_aLenin, Vladimir Ilich _d1870-1924 |
| 600 | 1 | 4 |
_aPannekoek, Anton _d1873-1860 |
| 650 | 4 | _aSOCIALISMO | |
| 650 | 4 | _aMOVIMIENTOS REVOLUCIONARIOS | |
| 650 | 4 | _aCOMUNISMO | |
| 650 | 4 | _aCOOPERACION | |
| 650 | 4 | _aSOCIOLOGIA RURAL | |
| 651 | 4 | _aYUGOSLAVIA | |
| 651 | 4 | _aPolonia | |
| 651 | 4 | _aItalia | |
| 651 | 4 | _aHungría | |
| 651 | 4 | _aEspaña | |
| 651 | 4 | _aAlemania | |
| 651 | 4 | _aArgelia | |
| 942 | _cBK | ||
| 998 | _cGLORIA | ||
| 999 |
_c8610 _d8610 |
||